| 000 | 05207cam a22019094i 4500 | ||
|---|---|---|---|
| 001 | u53625 | ||
| 003 | PE-LiUPU | ||
| 005 | 20250813165954.0 | ||
| 008 | 120730s2012 pe a r 000 0 spa d | ||
| 020 | _a9786124604584 | ||
| 035 | _a(Sirsi) i9786124604584 | ||
| 040 |
_aPE-LiUPU _bspa _cPE-LiUPU _erda |
||
| 049 | _aPRUA | ||
| 082 | 0 | 4 |
_a657.92 _bA62 |
| 100 | 1 |
_aApaza Meza, Mario, _eautor. |
|
| 245 | 1 | 0 |
_aContabilidad de sociedades : _bconforme a las NIIF y PCGE / _cMario Apaza Meza. |
| 250 | _aPrimera edición. | ||
| 264 | 1 |
_aLima : _bEntrelíneas, _c2012. |
|
| 300 | _a01 CD-ROM | ||
| 300 |
_a686 páginas : _bilustraciones ; _c25 centímetros |
||
| 336 |
_atext _2rdacontent |
||
| 337 |
_aunmediated _2rdamedia |
||
| 338 |
_avolume _2rdacarrier |
||
| 505 | 0 | _aContabilidad de los instrumentos de inversión en empresas -- Elaboración de los estados financieros conforme a NIIF's y PCGE -- Contabilidad de sociedades en el Perú -- Norma internacional de información financiera 3 (NIIF 3): combinaciones de negocios -- Contabilidad de inversiones en asociaciadas -- Contabilidad de participaciones en negocios conjuntos -- Estados financieros consolidados y separados -- Información a revelar sobre partes relacionadas y participaciones en otras entidades -- Las micros y pequeñas empresas -- Introducción a las finanzas aplicadas al PCGE y NIIF. | |
| 526 | _aP203 | ||
| 526 | _aP200 | ||
| 526 | _aSEG65 | ||
| 526 | _aSEG64 | ||
| 526 | _aSEG63 | ||
| 526 | _aSEG62 | ||
| 526 | _aSEG61 | ||
| 526 | _aSEG60 | ||
| 526 | _aSEG59 | ||
| 526 | _aSEG58 | ||
| 526 | _aSEG57 | ||
| 526 | _aSEG56 | ||
| 526 | _aSEG55 | ||
| 526 | _aSEG54 | ||
| 526 | _aSEG53 | ||
| 526 | _aSEG52 | ||
| 526 | _aSEG51 | ||
| 526 | _aSEG50 | ||
| 526 | _aSEG49 | ||
| 526 | _aSEG48 | ||
| 526 | _aSEG47 | ||
| 526 | _aSEG46 | ||
| 526 | _aSEG24 | ||
| 526 | _aSEG23 | ||
| 526 | _aSEG22 | ||
| 526 | _aSEG21 | ||
| 526 | _aSEG20 | ||
| 526 | _aSEG19 | ||
| 526 | _aSEG18 | ||
| 526 | _aSEG17 | ||
| 526 | _aSEG16 | ||
| 526 | _aSEG14 | ||
| 526 | _aSEG13 | ||
| 526 | _aSEG12 | ||
| 526 | _aSEG11 | ||
| 526 | _aSEG10 | ||
| 526 | _aSEG09 | ||
| 526 | _aSEG06 | ||
| 526 | _aSEG05 | ||
| 526 | _aSEG04 | ||
| 526 | _aSEG03 | ||
| 526 | _aSEG02 | ||
| 526 | _aSEG68 | ||
| 526 | _aSEG66 | ||
| 526 | _aSEG45 | ||
| 526 | _aSEG25 | ||
| 526 | _aSEG01 | ||
| 526 | _aP163 | ||
| 526 | _aP162 | ||
| 526 | _aP161 | ||
| 526 | _aP160 | ||
| 526 | _aP159 | ||
| 526 | _aP158 | ||
| 526 | _aP157 | ||
| 526 | _aP156 | ||
| 526 | _aP155 | ||
| 526 | _aP154 | ||
| 526 | _aP153 | ||
| 526 | _aP152 | ||
| 526 | _aP151 | ||
| 526 | _aP150 | ||
| 526 | _aP149 | ||
| 526 | _aP142 | ||
| 526 | _aP141 | ||
| 526 | _aP140 | ||
| 526 | _aP139 | ||
| 526 | _aP138 | ||
| 526 | _aP137 | ||
| 526 | _aP132 | ||
| 526 | _aP131 | ||
| 526 | _aP130 | ||
| 526 | _aP126 | ||
| 526 | _aP125 | ||
| 526 | _aP124 | ||
| 526 | _aP123 | ||
| 526 | _aP115 | ||
| 526 | _aP122 | ||
| 526 | _aP121 | ||
| 526 | _aP116 | ||
| 526 | _a P114 | ||
| 526 | _aP112 | ||
| 526 | _aP111 | ||
| 526 | _aP104 | ||
| 526 | _aP103 | ||
| 526 | _aP102 | ||
| 526 | _aP101 | ||
| 526 | _aP100 | ||
| 526 | _aP96 | ||
| 526 | _aP95 | ||
| 526 | _aP93 | ||
| 526 | _aP92 | ||
| 526 | _aP91 | ||
| 526 | _aP88 | ||
| 526 | _aP83 | ||
| 526 | _aP82 | ||
| 526 | _aP79 | ||
| 526 | _aP78 | ||
| 526 | _aP75 | ||
| 526 | _aP74 | ||
| 526 | _aP71 | ||
| 526 | _aP69 | ||
| 526 | _a P51 | ||
| 526 | _aP49 | ||
| 526 | _aP48 | ||
| 526 | _aP47 | ||
| 526 | _aP33 | ||
| 526 | _aP31 | ||
| 526 | _a P30 | ||
| 526 | _aP29 | ||
| 526 | _aP27 | ||
| 526 | _aP26 | ||
| 526 | _aP25 | ||
| 526 | _aP24 | ||
| 526 | _a P22 | ||
| 526 | _aP10 | ||
| 526 | _aP09 | ||
| 526 | _a P08 | ||
| 526 | _aP06 | ||
| 526 | _aP05 | ||
| 526 | _aP04 | ||
| 526 | _aP01 | ||
| 541 | _g001-0039190; | ||
| 596 | _a1 2 | ||
| 650 | 1 | 4 |
_aEstados Financieros _zPerú. |
| 650 | 1 | 4 |
_aInformación financiera _xNormas internacionales. |
| 650 | 1 | 4 |
_aPlan contable general para empresas (PCGE) _zPerú. |
| 650 | 1 | 4 |
_aSociedades _xContabilidad _zPerú. |
| 910 |
_aaas _bjck _caas _d20150702 |
||
| 910 |
_agl _b _clch _d20120730 |
||
| 942 |
_2ddc _cBOOK |
||
| 994 |
_aC0 _bPEPRU |
||
| 949 |
_a657.92 A62 _wDEWEY _c1 _iFT02608 _lCCODEBUT1 _mBUT _p34.48 _r0 _sY _tBOOK _u2016-4-11 _xFCE _PP08 _0COMPRA _o.STAFF. Colección General |
||
| 949 |
_a657.92 A62 _wDEWEY _c2 _i71559 _d2017-11-23 _e2017-10-19 _f2018-2-12 _g2 _lCCODEBUL1 _mBUL _n22 _p34.48 _q1 _r0 _sY _tBOOK _u2015-7-2 _xFCE _0COMPRA _o.STAFF. Colección General |
||
| 999 |
_a657.92 A62 _wDEWEY _c56335 _i71559 _d56335 _e2017-10-19 _f2021-11-5 _g6 _lCCODEBUL1 _mBUL _n22 _p34.48 _q4 _r0 _sY _tBOOK _u2015-7-2 _xFCE _PP08 _0COMPRA _o.STAFF. Colección General |
||
| 999 |
_a657.92 A62 _wDEWEY _c1 _iFT02608 _f2019-2-20 _g1 _lCCODEBUT1 _mBUT _p34.48 _r0 _sY _tBOOK _u2016-4-11 _xFCE _PP08 _0COMPRA _o.STAFF. Colección General |
||
| 980 |
_81 _gALBERTO SANCHEZ Responsable de Automatización |
||